| 000 | 00398nam a2200145 a 4500 | ||
|---|---|---|---|
| 001 | 000042817 | ||
| 005 | 20201002040423.0 | ||
| 008 | 140210s1996 sp 000 0 spa d | ||
| 020 | _a8440663439 | ||
| 040 |
_aDO-SdBNP _bspa _cBNPHU |
||
| 100 | 1 |
_aDecoin, Didier _970173 |
|
| 245 | 1 | 3 |
_aLa Camarera del Titanic / _cDidier Decoin. |
| 260 |
_aMadrid : _bEdiciones B, _c1996. |
||
| 300 |
_a301 p. ; _c24 cm. |
||
| 999 |
_c42306 _d42306 |
||